Using local labour in construction : a good practice resource book. (Record no. 100950)

MARC details
000 -LEADER
fixed length control field 01179cam a2200277 4500
008 - FIXED-LENGTH DATA ELEMENTS--GENERAL INFORMATION
fixed length control field 000000n2000 000 0 eng u
020 ## - INTERNATIONAL STANDARD BOOK NUMBER
International Standard Book Number 1861342950
035 ## - SYSTEM CONTROL NUMBER
System control number (Sirsi) u109574
050 ## - LIBRARY OF CONGRESS CALL NUMBER
Classification number 338.4769
100 ## - MAIN ENTRY--PERSONAL NAME
Personal name Macfarlane, Richard
245 ## - TITLE STATEMENT
Title Using local labour in construction : a good practice resource book.
260 ## - PUBLICATION, DISTRIBUTION, ETC.
Place of publication, distribution, etc. Bristol
Name of publisher, distributor, etc. Policy Press
Date of publication, distribution, etc. 2000
300 ## - PHYSICAL DESCRIPTION
Extent iv, 66p. ; 30cm.
350 ## - PRICE (NR) (BK AM CF MU VM SE) [OBSOLETE]
Price 13.95
520 ## - SUMMARY, ETC.
Summary, etc. Using major construction programmes to tackle local unemployment is now recognised as an important element of successful long-term regeneration. This report provides guidelines on how to establish successful schemes for getting local labour into construction. Bringing together the experience of 25 local initiatives this book provides a range of options for targeting jobs and training opportunities.
650 ## - SUBJECT ADDED ENTRY--TOPICAL TERM
Topical term or geographic name entry element LABOUR MARKET
650 ## - SUBJECT ADDED ENTRY--TOPICAL TERM
Topical term or geographic name entry element REGENERATION
650 ## - SUBJECT ADDED ENTRY--TOPICAL TERM
Topical term or geographic name entry element UNEMPLOYMENT
650 ## - SUBJECT ADDED ENTRY--TOPICAL TERM
Topical term or geographic name entry element EMPLOYMENT LAW
650 ## - SUBJECT ADDED ENTRY--TOPICAL TERM
Topical term or geographic name entry element CONSTRUCTION WORKERS
650 ## - SUBJECT ADDED ENTRY--TOPICAL TERM
Topical term or geographic name entry element CAREERS, EDUCATION AND TRAINING
650 ## - SUBJECT ADDED ENTRY--TOPICAL TERM
Topical term or geographic name entry element RECRUITMENT
650 ## - SUBJECT ADDED ENTRY--TOPICAL TERM
Topical term or geographic name entry element LOCAL LABOUR IN CONSTRUCTION
690 ## - LOCAL SUBJECT ADDED ENTRY--TOPICAL TERM (OCLC, RLIN)
Topical term or geographic name as entry element BUILDING AND CONSTRUCTION-MANAGEMENT
942 ## - ADDED ENTRY ELEMENTS (KOHA)
Suppress in OPAC 0
Holdings
Withdrawn status Lost status Source of classification or shelving scheme Damaged status Not for loan Home library Current library Shelving location Date acquired Cost, normal purchase price Total Checkouts Full call number Barcode Date last seen Date last checked out Copy number Cost, replacement price Price effective from Koha item type
    Dewey Decimal Classification     London London Folio 03/01/2001 13.95 4 F338.4769 MAC 30063135 06/08/2019 10/03/2005 1 13.95 06/08/2019 Book